000 00912nam a2200265Ia 4500
003 OSt
005 20220918163321.0
006 a|||||r|||| 00| 0
007 ta
008 220917b |||||||| |||| 00| 0 eng d
020 _a0 521 83671 9 (pbk)
_c1375
024 _a233,656
037 _bDU007, 01/02/2008, Independent Publishers Group
_cTextual
040 _aARTS
_cARTS
_beng
041 _2eng
_aeng
082 _aR4,(V1:19(c9B3)), P4
100 _aHashmi Sohail H. Ed.
_912636
245 0 _aEthics and weapons of mass destruction
_b religious and secular prespectives
260 _aNew York
_bCambridge U.S.A
_c2004
300 _axiii, 533p.
_ccm.
650 _aPHILOSOPHY
700 _a Lee Steven P. Ed.
_912637
942 _hR4,(V1:19(c9B3)), P4
_cTEXL
_2CC
999 _c119064
_d119064